000 00629nam a22001817a 4500
999 _c16446
_d16446
008 170829b xxu||||| |||| 00| 0 eng d
020 _a1437703184
040 _aKABU
_cKABU
050 _aRM216
_b.P43 2010
100 _aPeckenpaugh, Nacy J.
245 _aNutrition essentials and diet theraphy
_cby Nancy J. Peckenpaugh
250 _a11th ed.
260 _aBelmont, CA
_bSaunders/Elvsevier
_c2010
300 _axxii, 697 p.
650 _aDiet therapy
650 _aNutrition
942 _2lcc
_cBK
_e11th ed.
_hRM216 .P43 2010